000 00525nam a22001577a 4500
008 230517b |||||||| |||| 00| 0 eng d
040 _aNational Science Library
_cNational Science Library
080 _a574(252)
_bK8.2
245 _aDesert biology:
_bSpecial topics on the physical and biological aspects of arid regions
_c/ Academic Press, Vol. I
260 _aNew York:
_bAcademic Press,
_c1968
300 _axvii, 635p.
650 _aBiology
653 _aDesert
700 _aBrown, G W (Ed.)
942 _2udc
_cBK
999 _c31454
_d31454